000 00600nam a2200205Ii 4500
003 JO-AjNU
008 230606s9999||||xx |||||||||||||| ||und||
020 _a978-81-317-8819-6
040 _aJO-AjNU
_beng
_erda
_cJO-AjNU
041 _aeng
050 1 4 _aQA577.A85.2013
100 3 _aAsmar, Nakhle h,
_eauthor
_94643
245 0 0 _apartial Differential Equations with Four series
264 3 1 _aPearson,2013
300 _a690p
336 _atext
_btxt
_2rdacontent
337 _aunmediated
_bn
_2rdamedia
338 _avolume
_bnc
_2rdacarrier
650 4 _a Differential equations, Partial. 
_94644
999 _aE2407
_c2405
_d2405